MDQL
is popping MORE tags! Check the
thread
!
Quizzes
Events
Quiz Creation
Community
Videos
Private Events
Remove Ads
Sign In
Join for FREE
Feedback
Dark Mode
Quiz Categories
Sports
Geography
Music
Movies
Television
Just For Fun
Miscellaneous
History
Literature
Language
Science
Gaming
Entertainment
Religion
Holiday
For Kids
Quiz Lab
Recent
Popular Today
Quiz Kudos Today
Editor Picks
Curator Picks
Quizzes by...
Day
Popularity
Type
Ratings
Length
Year
Community
Subscriptions
Recent Discussions
Orange Saloon
Badges
Playlists
Quests
Create
Leaderboards
Showdown
Live 5
Trivia Bingo
Activity
Puzzle Library
Sporcle Events
Private Events
Virtual Trivia
Globe League
Become a Host
Pub Owners
SporcleCon
Opinionation
Our Games
Videos
Blog
Mobile Apps
Partnerships
Remove Ads and Go Orange
Feedback
Sports
Athletes
MLB
NBA
NHL
NFL
Soccer
Sports Teams
WWE
NCAA
Football
Premier League
Basketball
Baseball
Hockey
Golf
Tennis
Cricket
Rugby
Auto Racing
Olympics
World Cup
Sports
Athletes
MLB
NBA
NHL
NFL
Soccer
Sports Teams
WWE
NCAA
Football
Premier League
Basketball
Baseball
Hockey
Golf
Tennis
Cricket
Rugby
Auto Racing
Olympics
World Cup
Random Quiz
Search Sporcle
×
Quiz Lab
Quiz Lab
Sports
Athletes
Type in answers that appear in a list
Type in answers that appear in a list
Classic
Best Score? Go Orange.
NJ Devils' Olympic Athletes Stats
Can you name the NJ Devils' Olympic Athletes?
By
NJDevils2000
5m
22 Questions
148 Plays
148 Plays
148 Plays
Comments
Comments
Give Quiz Kudos
Give Quiz Kudos
-
- Ratings
hide this ad
More Info
Replay
Link that replays current quiz
Next Quiz
Link to next quiz in quiz playlist
You Got
0%
They Got
Avg Score
66%
Avg Friend Score
Upgrade to see
Score Distribution
Jump to the score distribution portion of the page
Score
0/22
Timer
05:00
0
Plays Today
Year/Country
Olympian
% Correct
2010/
USA
Zach Parise
93.9%
2002/
Czech Republic
Patrik Elias
93.2%
2006/
Czech Republic
Patrik Elias
93.2%
2010/
Czech Republic
Patrik Elias
93.2%
1998/
Canada
Martin Brodeur
91.9%
2002/
Canada
Martin Brodeur
91.9%
2006/
Canada
Martin Brodeur
91.9%
2010/
Canada
Martin Brodeur
91.9%
2010/
USA
Jaimie Langenbrunner
80.4%
1998/
Canada
Scott Stevens
79.7%
2010/
Russia
Ilya Kovalchuk
76.4%
Year/Country
Olympian
% Correct
2002/
Canada
Scott Niedermayer
68.2%
2002/
USA
Brian Rafalski
63.5%
2006/
USA
Brian Rafalski
63.5%
2006/
USA
Brian Gionta
55.4%
2006/
USA
Scott Gomez
54.1%
2010/
Canada (Assistant Coach)
Jacques Lemaire
54.1%
2002/
Czech Republic
Petr Sykora
48.6%
2002/
Russia (Coach)
Slava Fetisov
24.3%
1998/
USA
Bill Guerin
22.3%
2006/
Russia
Viktor Kozlov
21.6%
1998/
Russia
Valeri Zelepukin
7.4%
Quiz Playlist
Details
Report
Send in Message
Add To Playlist
More Info:
NHL Players first allowed in Olympics in 1995. This quiz as of 4/2/10.
Classic:
Type in answers that appear in a list
Last Updated: Feb 16, 2017
Quiz Scoreboard
CHALLENGE
Sign Up to Join the Scoreboard
Show All
Scores
Hide
Comments
May contain spoilers
Recently Published
Find the 'City' Movie
by crazypaving
Movies
60s
5x2 Blitz: Bands
by SL_Kpop136
Music
30s
Colored Red Africa Blitz
by spor1
Geography
30s
More to Explore
Quiz From the Vault
Featured Blog Post
14 Easter Pick-up Lines to Find Eggs With
hide this ad
You Might Also Like...
Tags
Athletes Quiz
Country Quiz
Devil
Medal
Olympian
Today's Top Quizzes in Sports
Browse Sports
hide this ad
Today's Top Quizzes in Athletes
Browse Athletes
Top Contributed Quizzes in Sports
1
Les entraîneurs de l'OM et du PSG au 21e siècle
2
Les meilleurs buteurs des matchs entre le PSG et l’OM
3
Les joueurs passés par le PSG et l'OM
4
Players with Multiple 50 Home Run Seasons
5
2022 World Cup Stars
6
Criteria MLB: Left Handed Sluggers
7
NBA Logic Puzzle 2.0
8
MLB Players with Two .350 Batting Average Seasons
9
Top 10 NHL Goal Scorers of All Time
10
Les joueurs passés par le LOSC et le RC Lens
Explore More
Trending Topics
Anime
Kpop
Marvel
Disney
Harry Potter
NBA
Crossword
Song
Pokémon
Country
The Office
WWE
NFL
Puzzle
Soccer
hide this ad
More By:
NJDevils2000
Quiz
Plays
Rating
Category
Featured
Created
NJ Devils' All-Star Game Selections
549
4.80
Sports
Apr 1, 2010
NY Jets Passing Yard Leaders
506
3.00
Sports
Jan 8, 2011
NY Jets Rushing Yards Leaders
461
2.00
Sports
Jan 8, 2011
Maurice 'Rocket' Richard Trophy Winners
386
3.43
Sports
May 1, 2010
Academy Award for Best Actor and Actress
378
4.33
Movies
Feb 6, 2011
Go to Creator's Profile
Score Distribution
Quiz Creator Spotlight
NJDevils2000
Follow
Send a Message
Quizzes Created
-
Created Quiz Play Count
-
More By This Creator
Popular Quizzes Today
1
Colored Red Africa Blitz
2
Find the 'City' Movie
3
Find the US States - No Outlines Minefield
4
5x2 Blitz: Bands
5
The Countries of the World
6
Find the US States
7
Find the Countries of Europe - No Outlines Minefield
8
US States
More Sports Quizzes
Shared Soccer Stadiums
Quiz Lab
Trending Quizzes
Colored Red Europe Blitz I
Colored Red Africa Blitz II
Colored Red Europe Blitz II
Colored Red Europe Blitz III
Colored Red Africa Blitz III
Recently Updated
How Do You Spell That?
pecheneg
Godzilla Movies
pecheneg
Grab Bag: 4-10 Letters
pecheneg
2024 March Madness Bracket
pecheneg
Famous TV Couples
Peacemaker
Champions League XIs: Real Madrid
pecheneg
Largest US Cities 1790-2010
pecheneg
Rides in Walt Disney World
pecheneg
Most Oscar Losses (Acting)
pecheneg
Beyoncé Albums
pecheneg
Trending Topics
Kpop
Harry Potter
NBA
Marvel
Anime
Crossword
Disney
Puzzle
Song
Soccer
Pokémon
Country
NFL
The Office
WWE
Your Account Isn't Verified!
In order to create a playlist on Sporcle, you need to verify the email address you used during registration. Go to your
Sporcle Settings
to finish the process.
Report this User
Report this user for behavior that violates our
Community Guidelines
.
Details:
Send Report
Go to the Sporcle.com Mobile Site →
Comments